Catálogo
 En Linea

Problemas de microeconomía / (Registro nro. 22479)

Detalles MARC
000 -CABECERA
campo de control de longitud fija 00533nam a2200181 a 4500
001 - NÚMERO DE CONTROL
campo de control 000022982
005 - FECHA Y HORA DE LA ÚLTIMA TRANSACCIÓN
campo de control 20240417183156.0
008 - DATOS DE LONGITUD FIJA--INFORMACIÓN GENERAL
campo de control de longitud fija 101124s1972 ag 000 0 spa d
040 ## - FUENTE DE LA CATALOGACIÓN
Centro catalogador/agencia de origen DO-SdBNP
Lengua de catalogación spa
Centro/agencia transcriptor BNPHU
082 ## - NÚMERO DE LA CLASIFICACIÓN DECIMAL DEWEY
Número de clasificación 338.5
Número de documento/Ítem D559p
049 ## - FONDOS LOCALES (OCLC)
Fondos de biblioteca BNGR
100 1# - ENTRADA PRINCIPAL--NOMBRE DE PERSONA
Nombre de persona Dieguez, Héctor L.
9 (RLIN) 47257
245 10 - MENCIÓN DE TÍTULO
Título Problemas de microeconomía /
Mención de responsabilidad, etc. Héctor L. Dieguez y Alberto Porto.
260 ## - PUBLICACIÓN, DISTRIBUCIÓN, ETC.
Lugar de publicación, distribución, etc. Buenos Aires :
Nombre del editor, distribuidor, etc. Amorrortu,
Fecha de publicación, distribución, etc. 1972.
300 ## - DESCRIPCIÓN FÍSICA
Extensión 472 p. ;
Dimensiones 20 cm.
650 #0 - PUNTO DE ACCESO ADICIONAL DE MATERIA--TÉRMINO DE MATERIA
Término de materia o nombre geográfico como elemento de entrada Microeconomía
9 (RLIN) 22953
700 1# - PUNTO DE ACCESO ADICIONAL--NOMBRE DE PERSONA
Nombre de persona Porto, Alberto.
9 (RLIN) 47258
Existencias
Estado de retiro Estado de pérdida Restricciones de uso No para préstamo Código de colección Localización permanente Ubicación/localización actual Ubicación en estantería Fecha de adquisición Número de inventario Total de préstamos Signatura topográfica completa Código de barras Fecha visto por última vez Precio válido a partir de Tipo de ítem Koha Número de copia
        Monografías: Libros y Folletos General General En catalogación 24.11.2010 LF1   338.5 D559p 22982-10 25.06.2020 25.06.2020 Préstamo en sala  
      Préstamo restrigido Monografías: Libros y Folletos General General En catalogación 24.11.2010 LF1   338.5 D559p 22982-20 25.06.2020 25.06.2020 Préstamo en sala e. 2

Con tecnología Koha